000
00242nam a22001097a 4500
082
_a
624.171BRU
100
_a
Brush Don O
245
_a
Buckling of bars plates and shells
260
_a
London
_b
McGrwa Hill
_c
1975
300
_a
379
942
_c
BK
999
_c
12403
_d
12403